Sports Quiz

Random Sports or MLB Quiz

Active MLB Overall #1 Picks Quiz Stats

 Plays Quiz not verified by Sporcle

Challenge
Share
Tweet
Embed
Score 0/12 Timer 06:00
0 Plays Today
Year Drafted Answer % Correct
2010Bryce Harper
96.8%
2009Steven Strasburg
93.7%
2001Joe Mauer
88.1%
1993Alex Rodriguez
85.7%
2007David Price
81%
2011Gerrit Cole
71.4%
2005Justin Upton
70.6%
1999Josh Hamilton
64.3%
2008Tim Beckham
38.1%
2006Luke Hochevar
37.3%
2003Delmon Young
32.5%
2000Adrian Gonzalez
30.2%

You're not logged in!

Compare scores with friends on all Sporcle quizzes.
OR
Log In

You Might Also Like...

Show Comments

Extras

Created May 14, 2015ReportNominate
Tags:MLB Quiz, #1 Draft, active, overall, team

Top Quizzes Today


Score Distribution

Your Account Isn't Verified!

In order to create a playlist on Sporcle, you need to verify the email address you used during registration. Go to your Sporcle Settings to finish the process.

Report this User

Report this user for behavior that violates our Community Guidelines.

Details: